000 00606nam a2200205 a 4500
005 20140311163002.0
008 020823s19uu xx 00 eng d
020 _a9813005653
050 _aZ 286.D47
_b.Al43 1991
100 _aAltman, Rebecca Bridges
245 _aMastering pagemaker 4 on the IBM PC /
_cRebecca Bridges Altman.
260 _aSingapore :
_bTech Publications,
_c1991.
300 _a527 p. :
_bill. ;
_c25 cm.
521 _aIT
650 _aAldus pagemaker
650 _aDesktop publishing
650 _aIBM personal computer
_xprogramming
942 _cBK
_2lcc
_kFOR
999 _c39222
_d39222